Groups of Five - Worst Literacy Rates - Statistics

General Stats
  • This quiz has been taken 59 times
  • The average score is 21 of 30
Answer Stats
Group Answer % Correct
Africa Niger
81%
South America Peru
81%
Australia / Oceania Solomon Islands
80%
Asia Afghanistan
78%
South America Brazil
78%
South America Ecuador
78%
Australia / Oceania Vanuatu
78%
South America Colombia
76%
South America Guyana
76%
North America Haiti
76%
Africa Mali
76%
Africa South Sudan
76%
Europe Albania
74%
Australia / Oceania Fiji
74%
Asia Pakistan
74%
North America El Salvador
72%
North America Belize
70%
Africa Central African Republic
70%
North America Guatemala
70%
Australia / Oceania Papua New Guinea
70%
Europe Greece
69%
Australia / Oceania Micronesia
69%
North America Nicaragua
69%
Asia Bhutan
67%
Europe Malta
67%
Asia Bangladesh
65%
Africa Guinea
61%
Europe Portugal
54%
Asia East Timor
52%
Europe San Marino
39%
No matching quizzes found
Score Distribution
Percent of People with Each Score
Percentile by Number Answered
Your Score History
You have not taken this quiz